000 00595nam a2200205Ia 4500
005 20250923145024.0
008 008 250917s9999 xx 000 0 eng d
037 _aTextual
040 _aDSWL
_beng
_cDSWL
041 _aeng
_2eng
084 _aL:573U2.F, K1
_qDSWL
100 _a Prakash,Om
_9830950
245 0 _aFood and Drinks in ancient India
_cby Om Prakash
260 _aNew Delhi
_b Oriental Books Seller and Publiers
_c1961
300 _axiv,139 p.
365 _aINR
_b30
925 _g30
942 _cTEXL
_hL:573U2.F, K1
999 _c1446144
_d1446144